000 00670nam a2200229 i 4500
001 16321
003 ES-MaACL
005 20251019063036.0
007 t|
008 000828s2000 sp ||||1| spa d
020 _a84-322-1063-3
080 _a821.134.2(72)-32"19"
100 1 _aFuentes, Carlos,
_d1928-2012
_9242378
245 1 4 _aLos cinco soles de México :
_bmemoria de un milenio /
_cCarlos Fuentes.
250 _a2ª ed.
260 _aBarcelona :
_bSeix Barral,
_c2000.
300 _a430 p. ;
_c24 cm.
490 1 _aBiblioteca breve
830 1 _aBiblioteca breve (Seix Barral)
_9227188
852 4 _aES-MaACL
_jL-23470
999 _c16321
_d16321